[Event "ESP-ch (Women)"]
[Site "Padron"]
[Date "2011.08.01"]
[Round "1"]
[White "Cerrato Torrijos, Maria"]
[Black "Marin Benito, Carla"]
[Result "1-0"]
[WhiteElo "2124"]
[BlackElo "1865"]
[PlyCount "55"]
[EventDate "2011.08.01"]
[EventType "swiss"]
[EventRounds "7"]
[EventCountry "ESP"]
[SourceTitle "CBM 143 Extra"]
[Source "ChessBase"]
[SourceDate "2011.08.29"]
[SourceVersion "1"]
[SourceVersionDate "2011.08.29"]
[SourceQuality "1"]

1. e4 c5 2. Nc3 Nc6 3. Nf3 g6 4. d4 cxd4 5. Nxd4 Bg7 6. Nb3 Nf6 7. Be2 0-0 8. 0-0 d6 9. Bg5 Be6 10. Kh1 Na5 11. f4 Nxb3 12. axb3 Qc7 13. f5 Bd7 14. Bxf6 Bxf6 15. Nd5 Qc5 16. b4 Qc6 17. fxg6 Kg7 18. Nxf6 exf6 19. gxh7 Rh8 20. Qd4 Rxh7 21. Rxf6 Kg8 22. Rxd6 Qc7 23. e5 Be6 24. Rd1 Kg7 25. Qf4 Rh6 26. Bg4 Rah8 27. h3 Bxg4 28. Qxg4+ 1-0

[Event "ESP-ch U16"]
[Site "Padron"]
[Date "2011.07.23"]
[Round "7"]
[White "Navarrete Espi, Samuel"]
[Black "Cerrato Torrijos, Maria"]
[Result "1-0"]
[WhiteElo "2157"]
[BlackElo "2130"]
[PlyCount "53"]
[EventDate "2011.07.19"]
[EventType "swiss"]
[EventRounds "9"]
[EventCountry "ESP"]
[SourceTitle "CBM 143 Extra"]
[Source "ChessBase"]
[SourceDate "2011.08.29"]
[SourceVersion "1"]
[SourceVersionDate "2011.08.29"]
[SourceQuality "1"]

1. e4 e6 2. d4 d5 3. Nc3 Nf6 4. e5 Nfd7 5. f4 c5 6. Nf3 Nc6 7. Be3 Be7 8. Qd2 0-0 9. Be2 b6 10. 0-0 f5 11. exf6 Nxf6 12. Rad1 Bb7 13. Kh1 Rc8 14. Qe1 Qe8 15. Qg3 Ne4 16. Qh3 Qg6 17. Nxe4 dxe4 18. Ng5 Bxg5 19. fxg5 Rxf1+ 20. Rxf1 cxd4 21. Bh5 Qf5 22. Rxf5 exf5 23. Bf4 g6 24. Qb3+ Kg7 25. Qe6 Rf8 26. Be2 Rf7 27. Bc4 1-0

[Event "ESP-ch U16"]
[Site "Padron"]
[Date "2011.07.21"]
[Round "4"]
[White "Cerrato Torrijos, Maria"]
[Black "Perez Barreto, Adrian"]
[Result "1-0"]
[WhiteElo "2130"]
[BlackElo "1911"]
[PlyCount "93"]
[EventDate "2011.07.19"]
[EventType "swiss"]
[EventRounds "9"]
[EventCountry "ESP"]
[SourceTitle "CBM 143 Extra"]
[Source "ChessBase"]
[SourceDate "2011.08.29"]
[SourceVersion "1"]
[SourceVersionDate "2011.08.29"]
[SourceQuality "1"]

1. e4 c5 2. Nc3 Nc6 3. Nf3 e6 4. d4 cxd4 5. Nxd4 Qc7 6. Be2 a6 7. 0-0 Nf6 8. Be3 Be7 9. f4 d6 10. Qe1 0-0 11. Qg3 Nxd4 12. Bxd4 b5 13. e5 dxe5 14. Bxe5 Qc5+ 15. Kh1 Bb7 16. Bd3 g6 17. Rae1 Nd7 18. f5 exf5 19. Rxf5 Qb4 20. Bf4 Rfe8 21. Rf1 Bf6 22. Nd1 Qf8 23. Rh5 Qg7 24. Bh6 Qh8 25. Ne3 Be5 26. Qg5 Bf6 27. Qg3 Be5 28. Qf2 Qf6 29. Rxe5 Rxe5 30. Qxf6 Nxf6 31. Rxf6 Rae8 32. Nf1 R5e6 33. Rf4 f6 34. a4 g5 35. Rd4 Bc6 36. h4 Re5 37. hxg5 fxg5 38. axb5 Bxb5 39. c4 Bc6 40. Rg4 Kf7 41. Ng3 Rd8 42. Be4 Bxe4 43. Nxe4 Kg6 44. Nxg5 Re1+ 45. Kh2 Kxh6 46. Nf7+ Kh5 47. Rg5+ 1-0

[Event "Madrid-ch sf-B"]
[Site "Madrid"]
[Date "2011.01.27"]
[Round "5"]
[White "Cerrato Torrijos, Maria"]
[Black "Cabanas Jimenez, Andres"]
[Result "1-0"]
[WhiteElo "2100"]
[BlackElo "2221"]
[PlyCount "91"]
[EventDate "2011.01.14"]
[EventType "swiss"]
[EventRounds "9"]
[EventCountry "ESP"]
[SourceTitle "CBM 140 Extra"]
[Source "ChessBase"]
[SourceDate "2011.03.01"]
[SourceVersion "1"]
[SourceVersionDate "2011.03.01"]
[SourceQuality "1"]

1. e4 c5 2. Nf3 e6 3. d4 cxd4 4. Nxd4 a6 5. Nc3 Qc7 6. Be2 Nf6 7. 0-0 Bb4 8. Qd3 Nc6 9. Nxc6 bxc6 10. Qd4 Bd6 11. f4 e5 12. Qf2 exf4 13. Bxf4 Bxf4 14. Qxf4 Qxf4 15. Rxf4 d6 16. Rd1 Ke7 17. Bc4 Rf8 18. Rdf1 a5 19. Ne2 Ba6 20. Bxa6 Rxa6 21. Nd4 Ne8 22. R1f3 c5 23. Nf5+ Kd7 24. Nxg7 Nxg7 25. Rxf7+ Rxf7 26. Rxf7+ Ke6 27. Rxg7 Rb6 28. b3 Rb4 29. Rxh7 Rxe4 30. Kf2 a4 31. Rh3 axb3 32. axb3 Kf5 33. Rd3 Re6 34. Kf3 Rh6 35. g4+ Ke5 36. Kg3 d5 37. h4 Ra6 38. h5 c4 39. bxc4 dxc4 40. Rf3 Ra2 41. c3 Ra1 42. g5 Ke4 43. Rf2 Rg1+ 44. Rg2 Rh1 45. Kg4 Ke5 46. Re2+ 1-0

[Event "Madrid-ch sf-B"]
[Site "Madrid"]
[Date "2011.01.15"]
[Round "2"]
[White "Garcia Salamero, Gabriel"]
[Black "Cerrato Torrijos, Maria"]
[Result "1-0"]
[WhiteElo "2177"]
[BlackElo "2100"]
[PlyCount "81"]
[EventDate "2011.01.14"]
[EventType "swiss"]
[EventRounds "9"]
[EventCountry "ESP"]
[SourceTitle "CBM 140 Extra"]
[Source "ChessBase"]
[SourceDate "2011.03.01"]
[SourceVersion "1"]
[SourceVersionDate "2011.03.01"]
[SourceQuality "1"]

1. e4 c5 2. Nf3 d6 3. d4 cxd4 4. Nxd4 Nf6 5. Nc3 g6 6. g3 Nc6 7. Nde2 h5 8. Bg5 Ne5 9. Bg2 Bh3 10. Bxf6 Bxg2 11. Bxe5 dxe5 12. Rg1 Bh3 13. Qd5 Bg7 14. 0-0-0 Qxd5 15. Nxd5 Rc8 16. Nec3 Bd7 17. Rd3 e6 18. Ne3 b5 19. a3 Ke7 20. f3 Bc6 21. Rgd1 Rc7 22. Ned5+ Bxd5 23. exd5 Rb7 24. d6+ Kd7 25. Ne4 Rc8 26. b4 Rb6 27. Nc5+ Kd8 28. c3 Bf8 29. Kb2 Rcc6 30. a4 bxa4 31. Nxa4 Rb7 32. Kb3 Kd7 33. c4 f5 34. Ka3 e4 35. fxe4 fxe4 36. Rd4 e3 37. Re4 a5 38. Nc5+ Rxc5 39. bxc5 Rb4 40. Rxe3 Rxc4 41. Rf3 1-0

[Event "Benidorm (Women)"]
[Site "Benidorm"]
[Date "2010.12.12"]
[Round "9"]
[White "Perera Borrego, Mariela"]
[Black "Cerrato Torrijos, Maria"]
[Result "0-1"]
[WhiteElo "2077"]
[BlackElo "2100"]
[PlyCount "68"]
[EventDate "2010.12.07"]
[EventType "tourn"]
[EventRounds "9"]
[EventCountry "ESP"]
[SourceTitle "CBM 139 Extra"]
[Source "ChessBase"]
[SourceDate "2011.01.05"]
[SourceVersion "1"]
[SourceVersionDate "2011.01.05"]
[SourceQuality "1"]

1. d4 Nf6 2. Nf3 e6 3. e3 c5 4. Bd3 b6 5. 0-0 Bb7 6. c4 Be7 7. Nc3 cxd4 8. exd4 d5 9. cxd5 Nxd5 10. Ne5 0-0 11. Qh5 g6 12. Qh3 Nc6 13. Bh6 Re8 14. Bb5 Nxd4 15. Bxe8 Qxe8 16. Nxd5 Bxd5 17. Rfd1 Nf5 18. Bf4 Qa4 19. Bd2 Nh4 20. Nf3 Nxf3+ 21. gxf3 Bf6 22. Bc3 Bxc3 23. bxc3 Qc4 24. Rac1 Qxa2 25. Qg4 Qe2 26. Kg2 b5 27. Qf4 Rc8 28. Qe3 Qc4 29. Qxa7 Qg4+ 30. Kf1 Qxf3 31. Qe3 Qh1+ 32. Ke2 Qxh2 33. Rxd5 exd5 34. Rb1 Qc7 0-1

[Event "Benidorm (Women)"]
[Site "Benidorm"]
[Date "2010.12.11"]
[Round "8"]
[White "Cerrato Torrijos, Maria"]
[Black "Pascual Palomo, Lucia"]
[Result "0-1"]
[WhiteElo "2100"]
[BlackElo "2159"]
[PlyCount "38"]
[EventDate "2010.12.07"]
[EventType "tourn"]
[EventRounds "9"]
[EventCountry "ESP"]
[SourceTitle "CBM 139 Extra"]
[Source "ChessBase"]
[SourceDate "2011.01.05"]
[SourceVersion "1"]
[SourceVersionDate "2011.01.05"]
[SourceQuality "1"]

1. e4 e6 2. d4 d5 3. Nd2 dxe4 4. Nxe4 Nd7 5. Nf3 Ngf6 6. Bd3 Nxe4 7. Bxe4 Nf6 8. Bd3 c5 9. Bg5 cxd4 10. Nxd4 Bc5 11. Nb3 Be7 12. Qe2 Bd7 13. 0-0-0 Qc7 14. Kb1 Bc6 15. Nd4 a6 16. Nxc6 bxc6 17. g4 Rb8 18. Rhe1 Nd5 19. Bxe7 Nc3+ 0-1